|
|
|
|
| LEADER |
01186nam a2200289 a 4500 |
| 001 |
2973755 |
| 008 |
090908s1998 ii 001 0 eng d |
| 010 |
|
|
|a 91902337
|
| 020 |
|
|
|a 8171583008
|
| 040 |
|
|
|a DLC
|c DLC
|d DLC
|
| 082 |
0 |
0 |
|a 370.19/346/0954
|2 20
|
| 100 |
1 |
|
|a Vashist, S. R.
|
| 245 |
1 |
0 |
|a Rural Higher education /
|c A.L. Vohra, S.R. Vashist.
|
| 260 |
|
|
|a New Delhi :
|b Akashdeep Pub. House,
|c c1998.
|
| 300 |
|
|
|a x,556 p. ;
|c 22 cm.
|
| 362 |
0 |
|
|a vol. 1
|
| 490 |
0 |
|
|a Encyclopaedia of rural education in India series.
|
| 541 |
1 |
|
|e 00008227
|
| 650 |
|
0 |
|a Education, Rural
|z India
|x History
|x Encyclopedias.
|
| 650 |
|
0 |
|a Basic education
|z India
|x History
|x Encyclopedias.
|
| 650 |
|
0 |
|a Farmers
|x Education
|z India
|x History
|x Encyclopedias.
|
| 650 |
|
0 |
|a Education
|x Economic aspects
|z India
|x History
|x Encyclopedias.
|
| 700 |
1 |
|
|a Vohra, A. L.
|q (Amrit Lal),
|d 1937-
|
| 740 |
0 |
|
|a Rural education in India.
|
| 852 |
4 |
|
|a Ayesha Abed Library
|j General shelf
|
| 999 |
|
|
|c 3951
|d 3951
|
| 952 |
|
|
|0 0
|1 0
|2 ddc
|4 0
|6 370_193460954000000_VAS_1998
|7 0
|9 3636
|a BRACUL
|b BRACUL
|c GEN
|d 2009-09-16
|g 0.00
|l 0
|o 370.193460954 VAS
|p 3010008227
|r 2009-09-16
|t 1
|w 2009-09-16
|y BK
|x No price found in the accession register.
|